Vista normal Vista MARC

Entrada Personal Name

Número de registros utilizados en: 1

001 - CONTROL NUMBER

  • control field: 13862

003 - CONTROL NUMBER IDENTIFIER

  • control field: OSt

005 - DATE AND TIME OF LATEST TRANSACTION

  • control field: 20210224115132.0

008 - FIXED-LENGTH DATA ELEMENTS

  • fixed length control field: 210224|| aca||aabn | a|a d

040 ## - CATALOGING SOURCE

  • Original cataloging agency: OSt
  • Transcribing agency: OSt

100 ## - HEADING--PERSONAL NAME

  • Personal name: Frieyro, Alicia

670 ## - SOURCE DATA FOUND

  • Source citation: Work cat.: (OSt): Hurley, Tonya, autora 13858, Ghostgirl : , 2010